000 00555nam a2200229Ia 4500
001 dia_7672
003 CHAP
008 220117s1966 xx 000 0 und d
010 _a179110
040 _cCHAP
090 _aF 929 1966
110 _aFAO
_939428
245 _aIdf draft standard for ice cream (milk products)
260 _aSuiza :
_b FAO :,
_b WHO,
_c1966
300 _a6 p.
901 _aF 929 1966
902 _aM
905 _a0000001966 sz 0000000000eng00
942 _c12
942 _c12
999 _c179110
_d179110